Complete the Card - AEW Double or Nothing 2022 - Statistics

General Stats
  • This quiz has been taken 86 times
  • The average score is 36 of 50
Answer Stats
Hint Answer % Correct
Anarchy in the Arena Match Jon Moxley
94%
Tag Team Match Matt Jackson
94%
Tag Team Match Nick Jackson
94%
Anarchy in the Arena Match Chris Jericho
92%
Anarchy in the Arena Match Bryan Danielson
91%
AEW World Championship Match "Hangman" Adam Page
89%
Women's Owen Hart Foundation Tournament Final Dr. Britt Baker, D.M.D.
87%
Six-Person Mixed Tag Team Match Ethan Page
87%
AEW TBS Championship Match Jade Cargill
87%
AEW World Championship Match CM Punk
85%
Six-Man Tag Team Match Rey Fénix
85%
Men's Owen Hart Foundation Tournament Final Adam Cole
83%
AEW World Tag Team Championship Three-Way Match Jungle Boy
83%
AEW World Tag Team Championship Three-Way Match Luchasaurus
83%
Singles Match MJF
83%
Six-Man Tag Team Match Buddy Matthews
81%
Six-Man Tag Team Match Malakai Black
81%
Six-Man Tag Team Match Brody King
79%
Six-Man Tag Team Match Pac
79%
Singles Mаtch Darby Allin
77%
Anarchy in the Arena Match Jake Hager
77%
Six-Man Tag Team Match Penta Oscuro
77%
Six-Person Mixed Tag Team Match Sammy Guevara
77%
AEW World Tag Team Championship Three-Way Match Keith Lee
75%
Anarchy in the Arena Match Ortiz
75%
Anarchy in the Arena Match Santana
75%
AEW World Tag Team Championship Three-Way Match Swerve Strickland
75%
Singles Match Wardlow
75%
Anarchy in the Arena Match Matt Menard
74%
Anarchy in the Arena Match Angelo Parker
72%
Anarchy in the Arena Match Eddie Kingston
72%
AEW World Tag Team Championship Three-Way Match Powerhouse Hobbs
70%
AEW Women's World Championship Match Thunder Rosa
70%
Six-Person Mixed Tag Team Match Scorpio Sky
66%
Anarchy in the Arena Match Daniel Garcia
64%
AEW World Tag Team Championship Three-Way Match Ricky Starks
64%
Women's Owen Hart Foundation Tournament Final Ruby Soho
64%
Men's Owen Hart Foundation Tournament Final Samoa Joe
64%
Six-Person Mixed Tag Team Match Tay Conti
64%
Tag Team Match (Buy-In) Hook
60%
Tag Team Match Jeff Hardy
60%
Tag Team Match Matt Hardy
60%
AEW TBS Championship Match Anna Jay
51%
Six-Person Mixed Tag Team Match Paige VanZant
49%
Tag Team Match (Buy-In) Danhausen
47%
Singles Mаtch Kyle O'Reilly
36%
Six-Person Mixed Tag Team Match Frankie Kazarian
34%
AEW Women's World Championship Match Serena Deeb
32%
Tag Team Match (Buy-In) Tony Nese
28%
Tag Team Match (Buy-In) "Smart' Mark Sterling
26%
No matching quizzes found
Score Distribution
Percent of People with Each Score
Percentile by Number Answered
Your Score History
You have not taken this quiz